[Event "Moscow Open Students 2015"]
[Site "Moscow RUS"]
[Date "2015.02.04"]
[Round "5.3"]
[White "Bajarani, Ulvi"]
[Black "Paravyan, David"]
[Result "1-0"]
[WhiteTitle "GM"]
[BlackTitle "IM"]
[WhiteElo "2494"]
[BlackElo "2435"]
[WhiteFideId "13403028"]
[BlackFideId "4194985"]
[EventDate "2015.01.31"]

1. e4 e5 2. Nf3 d6 3. d4 exd4 4. Nxd4 Nf6 5. Nc3 Be7 6. g3 O-O 7. Bg2 Nc6 8.
Nde2 Re8 9. O-O Bf8 10. h3 Ne5 11. f4 Ng6 12. Be3 c6 13. Bf2 Qc7 14. Nd4 Bd7 15.
a4 b6 16. Qf3 h5 17. Qd3 Rad8 18. Nf3 Qc8 19. Ng5 h4 20. Rae1 hxg3 21. Bxg3 b5
22. axb5 cxb5 23. Kh2 Qc5 24. Nd5 Nxd5 25. exd5 Rxe1 26. Rxe1 Qc4 27. Qd1 Be7
28. Qh5 Bxg5 29. Qxg5 Qc8 30. f5 Bxf5 31. Rf1 Bxc2 32. Rc1 Rd7 33. Qg4 Rc7 34.
Qxc8+ Rxc8 35. Be4 Bxe4 36. Rxc8+ Kh7 37. Rb8 a6 38. Rb6 Bxd5 39. Rxd6 Be6 40.
b4 Bc4 41. Rxa6 Ne7 42. Bd6 Nf5 43. Bc5 f6 44. Kg2 Kg6 45. Ra7 Nh6 46. Bf8 Nf7
47. Kg3 Kh7 48. h4 Kg6 49. Kf4 Kh6 50. h5 Kxh5 51. Bxg7 Kg6 52. Bf8 Bd5 53. Ke3
Bc4 54. Bc5 Nd8 55. Ra1 Ne6 56. Rg1+ Kf7 57. Bd6 Ng5 58. Bf4 Nh3 59. Re1 Nxf4
60. Kxf4 Be6 61. Ke4 Bc4 62. Ra1 Ke7 63. Ra7+ Ke6 64. Ra3 Bd5+ 65. Kd4 Bc4 66.
Rf3 Ke7 67. Rf5 Ke6 68. Rc5 Kd6 69. Ke4 Ke7 70. Rc6 Bf1 71. Rb6 Bc4 72. Kf3 Kf7
73. Kf4 Bf1 74. Rd6 Ke7 75. Rd1 Bc4 76. Kf5 Be6+ 77. Kg6 Bf7+ 78. Kg7 f5 79.
Re1+ Be6 80. Kg6 Kd6 81. Kf6 Bb3 82. Re5 Bc2 83. Re2 Be4 84. Rd2+ Kc6 85. Ke6
Kc7 86. Rd1 Kc6 87. Rc1+ Kb6 88. Kd6 Bb7 89. Ke5 Be4 90. Rc8 Kb7 91. Rh8 Kc6 92.
Rh6+ Kc7 93. Kd4 Kb7 94. Kc5 Bd3 95. Rh3 Be2 96. Re3 Bc4 97. Rf3 Kc7 98. Rxf5
Kb7 99. Rg5 Kc7 100. Rg7+ Kc8 101. Kb6 Kb8 102. Rc7 Bb3 103. Rh7 1-0

[Event "Moscow Open Students 2015"]
[Site "Moscow RUS"]
[Date "2015.02.04"]
[Round "5.4"]
[White "Belous, Vladimir"]
[Black "Yuffa, Daniil"]
[Result "1-0"]
[WhiteTitle "GM"]
[BlackTitle "IM"]
[WhiteElo "2577"]
[BlackElo "2469"]
[WhiteFideId "4174003"]
[BlackFideId "24131423"]
[EventDate "2015.01.31"]

1. d4 Nf6 2. c4 g6 3. Nc3 Bg7 4. e4 d6 5. Nf3 O-O 6. h3 e5 7. d5 a5 8. Bg5 Na6
9. Be2 Qe8 10. g4 Nd7 11. Rg1 Kh8 12. a3 Nb6 13. Be3 Bd7 14. h4 f5 15. gxf5 gxf5
16. Ng5 Qe7 17. exf5 Bxf5 18. Bd3 e4 19. Ncxe4 Bxb2 20. Ra2 Be5 21. Ng3 Bc3+ 22.
Kf1 Bh3+ 23. Nxh3 Qxe3 24. Re2 Qh6 25. Re7 Nxc4 26. Kg2 Nb2 27. Qc2 Nxd3 28.
Qxc3+ Qf6 29. Rxh7+ Kxh7 30. Qxd3+ Qg6 31. Ng5+ Kh6 32. Qd2 Nc5 33. Kh2 Qd3 34.
Nf7+ Kg6 35. Qg5+ Kxf7 36. Nf5 1-0

[Event "Moscow Open Students 2015"]
[Site "Moscow RUS"]
[Date "2015.02.05"]
[Round "6.2"]
[White "Yuffa, Daniil"]
[Black "Bortnyk, Olexandr"]
[Result "1/2-1/2"]
[WhiteTitle "IM"]
[BlackTitle "IM"]
[WhiteElo "2469"]
[BlackElo "2533"]
[WhiteFideId "24131423"]
[BlackFideId "14120828"]
[EventDate "2015.01.31"]

1. d4 f5 2. c4 Nf6 3. Nc3 g6 4. h4 Bg7 5. h5 Nxh5 6. e4 fxe4 7. Rxh5 gxh5 8.
Qxh5+ Kf8 9. Bh6 d6 10. Nxe4 Qd7 11. Bxg7+ Kxg7 12. Qg5+ Kf7 13. Qh5+ Kg7 14.
Qg5+ 1/2-1/2

[Event "Moscow Open Students 2015"]
[Site "Moscow RUS"]
[Date "2015.02.05"]
[Round "6.3"]
[White "Paravyan, David"]
[Black "Belous, Vladimir"]
[Result "1-0"]
[WhiteTitle "IM"]
[BlackTitle "GM"]
[WhiteElo "2435"]
[BlackElo "2577"]
[WhiteFideId "4194985"]
[BlackFideId "4174003"]
[EventDate "2015.01.31"]

1. e4 e5 2. Nf3 Nc6 3. Bb5 a6 4. Ba4 Nf6 5. O-O Be7 6. d3 b5 7. Bb3 O-O 8. Nc3
d6 9. a3 Be6 10. Nd5 Kh8 11. Nxf6 Bxf6 12. Bxe6 fxe6 13. c3 Qe8 14. Be3 Qg6 15.
a4 b4 16. a5 Rab8 17. Qa4 Qe8 18. Rfc1 Bd8 19. d4 Rb5 20. Qd1 bxc3 21. bxc3 exd4
22. cxd4 Nxa5 23. Rcb1 h6 24. Qd3 Rxb1+ 25. Rxb1 Qg6 26. Nd2 Bg5 27. Qc3 Bxe3
28. fxe3 Qg5 29. Nf1 h5 30. h4 Qxh4 31. Qxa5 Rf6 32. Rb2 Kh7 33. Qxa6 Qxe4 34.
Qe2 Kh6 35. Qxh5+ 1-0

[Event "Moscow Open Students 2015"]
[Site "Moscow RUS"]
[Date "2015.02.05"]
[Round "6.4"]
[White "Ter-Sahakyan, Samvel"]
[Black "Bajarani, Ulvi"]
[Result "1/2-1/2"]
[WhiteTitle "GM"]
[BlackTitle "GM"]
[WhiteElo "2580"]
[BlackElo "2494"]
[WhiteFideId "13302531"]
[BlackFideId "13403028"]
[EventDate "2015.01.31"]

1. e4 e6 2. d4 d5 3. Nc3 Nf6 4. Bg5 Bb4 5. e5 h6 6. Bc1 Ne4 7. Qg4 Kf8 8. Ne2 c5
9. a3 Bxc3+ 10. bxc3 Qa5 11. f3 Nxc3 12. Bd2 cxd4 13. Nxd4 Qc7 14. Qf4 Bd7 15.
Bd3 Kg8 16. O-O Na4 17. Rfe1 Nc5 18. Bf1 a6 19. c4 Nc6 20. cxd5 Nxd4 21. d6 Qd8
22. Qxd4 Nb3 23. Qe3 Nxa1 24. Rxa1 Rc8 25. Rb1 Bc6 26. Rb4 h5 27. h4 Qd7 28. Bd3
Bb5 29. Be4 Bc6 30. Bxc6 Qxc6 31. Qb6 Qxb6+ 32. Rxb6 Rc2 33. Bg5 f6 34. exf6
gxf6 35. Bxf6 Rh7 36. Be7 Rd2 37. g4 hxg4 38. fxg4 Rf7 39. Rxb7 Rd1+ 1/2-1/2

[Event "Moscow Open Students 2015"]
[Site "Moscow RUS"]
[Date "2015.02.05"]
[Round "6.5"]
[White "Sadzikowski, Daniel"]
[Black "Vavulin, Maksim"]
[Result "1-0"]
[WhiteTitle "IM"]
[BlackTitle "IM"]
[WhiteElo "2496"]
[BlackElo "2453"]
[WhiteFideId "1132253"]
[BlackFideId "4169530"]
[EventDate "2015.01.31"]

1. Nf3 Nf6 2. g3 b6 3. Bg2 Bb7 4. O-O g6 5. d3 Bg7 6. e4 O-O 7. e5 Ne8 8. d4 c5
9. d5 d6 10. Re1 Nc7 11. c4 b5 12. Nc3 Nd7 13. exd6 exd6 14. cxb5 Nb6 15. Bg5 f6
16. Bf4 Kh8 17. a4 g5 18. Bd2 Rb8 19. b4 Nbxd5 20. Nxd5 Nxd5 21. Qb3 Nb6 22.
bxc5 dxc5 23. Rad1 Qd5 24. Qc2 Qd8 25. Qb3 Qd5 26. Qc2 Qc4 27. Qxc4 Nxc4 28. Bc3
Nb6 29. a5 Nd5 30. Ba1 Rfd8 31. Nd2 Ba8 32. Nc4 Kg8 33. b6 axb6 34. axb6 Kf7 35.
Rd2 Nb4 36. Rxd8 Rxd8 37. b7 Bxb7 38. Bxb7 Nc2 39. Rc1 Nxa1 40. Rxa1 f5 41. Rc1
Bd4 42. Kf1 h5 43. Bc6 g4 44. Rb1 h4 45. gxh4 Rh8 46. Bd5+ Kg6 47. Rb6+ Kh5 48.
Nd6 Rf8 49. Bf7+ Kxh4 50. Nxf5+ Kg5 51. Nxd4 cxd4 52. Rb5+ Kf4 53. Bg6 1-0

[Event "Moscow Open Students 2015"]
[Site "Moscow RUS"]
[Date "2015.02.06"]
[Round "7.1"]
[White "Vavulin, Maksim"]
[Black "Predke, Alexandr"]
[Result "0-1"]
[WhiteTitle "IM"]
[WhiteElo "2453"]
[BlackElo "2537"]
[WhiteFideId "4169530"]
[BlackFideId "24107581"]
[EventDate "2015.01.31"]

1. d4 Nf6 2. Nc3 d5 3. Bg5 Nbd7 4. Qd3 c5 5. O-O-O c4 6. Qf3 Qa5 7. Nh3 e6 8.
Bd2 b5 9. Nxd5 Qxa2 10. Nxf6+ Nxf6 11. Qc6+ Kd8 12. Bc3 b4 13. Qxa8 bxc3 14.
bxc3 Bb4 15. Kd2 Bxc3+ 16. Kxc3 Nd5+ 17. Kd2 Qa5+ 18. Kc1 c3 19. Qb8 Qa1+ 20.
Qb1 Qa3+ 0-1

[Event "Moscow Open Students 2015"]
[Site "Moscow RUS"]
[Date "2015.02.06"]
[Round "7.2"]
[White "Bajarani, Ulvi"]
[Black "Sadzikowski, Daniel"]
[Result "1-0"]
[WhiteTitle "GM"]
[BlackTitle "IM"]
[WhiteElo "2494"]
[BlackElo "2496"]
[WhiteFideId "13403028"]
[BlackFideId "1132253"]
[EventDate "2015.01.31"]

1. d4 Nf6 2. Bg5 d5 3. Nd2 Nbd7 4. Ngf3 g6 5. e3 Bg7 6. Bd3 O-O 7. O-O Re8 8. c4
c5 9. cxd5 Nxd5 10. Qb3 N5b6 11. d5 c4 12. Bxc4 Nc5 13. Qa3 Ne4 14. Nxe4 Nxc4
15. Qc5 Nd6 16. Nxd6 exd6 17. Qb5 Qd7 18. Qxd7 Bxd7 19. Bf4 Bg4 20. Rad1 Bxf3
21. gxf3 Be5 22. Bxe5 Rxe5 23. f4 Re4 24. Rc1 Rb4 25. b3 a5 26. Rc7 a4 27. Rb1
Ra5 28. Rc4 Rab5 29. Rxb4 Rxb4 30. f3 Kg7 31. Kf2 Kf6 32. e4 g5 33. Kg3 gxf4+
34. Kxf4 Kg6 35. Rg1+ Kf6 36. bxa4 Ke7 37. h4 Rxa4 38. Rb1 Ra7 39. Kf5 Rxa2 40.
Rxb7+ Ke8 41. Kf6 Rf2 42. Re7+ Kd8 43. Rxf7 Rxf3+ 44. Ke6 1-0

[Event "Moscow Open Students 2015"]
[Site "Moscow RUS"]
[Date "2015.02.06"]
[Round "7.4"]
[White "Bortnyk, Olexandr"]
[Black "Paravyan, David"]
[Result "1/2-1/2"]
[WhiteTitle "IM"]
[BlackTitle "IM"]
[WhiteElo "2533"]
[BlackElo "2435"]
[WhiteFideId "14120828"]
[BlackFideId "4194985"]
[EventDate "2015.01.31"]

1. d4 d5 2. Nc3 Bg4 3. Qd3 c6 4. Nf3 e6 5. Ne5 Bf5 6. Qf3 h5 7. Bd2 Nf6 8. O-O-O
Nbd7 9. h3 Nxe5 10. dxe5 Ne4 11. Nxe4 Bxe4 12. Qb3 Qb6 13. Qxb6 axb6 14. a3 h4
15. e3 Bc5 16. f3 Bf5 17. Bd3 Rh5 18. Rhe1 Bxd3 19. cxd3 d4 20. exd4 Bxd4 21. f4
O-O-O 22. Kc2 Rf5 23. Re4 Bf2 24. Rf1 Bg3 25. Rf3 b5 26. a4 Rd5 27. axb5 Rxb5
28. Bc3 Kd7 29. Ra4 Rd5 30. Kd2 b5 31. Ra7+ Kc8 32. Ke3 b4 33. Bxb4 g5 34. Bc3
Bxf4+ 35. Ke2 Bxe5 36. Rxf5 exf5 37. Rxf7 Bf4 38. Rg7 Rd7 39. Rg6 Rd6 40. Bf6
Re6+ 41. Kf2 1/2-1/2

[Event "Moscow Open Students 2015"]
[Site "Moscow RUS"]
[Date "2015.02.07"]
[Round "8.1"]
[White "Predke, Alexandr"]
[Black "Yuffa, Daniil"]
[Result "1/2-1/2"]
[BlackTitle "IM"]
[WhiteElo "2537"]
[BlackElo "2469"]
[WhiteFideId "24107581"]
[BlackFideId "24131423"]
[EventDate "2015.01.31"]

1. e4 c6 2. d4 d5 3. Nc3 dxe4 4. Nxe4 Bf5 5. Ng3 Bg6 6. h4 h6 7. Nf3 Nd7 8. h5
Bh7 9. Bd3 Bxd3 10. Qxd3 e6 11. Bd2 Ngf6 12. O-O-O Be7 13. Kb1 Qb6 14. Rhe1 O-O
15. Nf5 exf5 16. Rxe7 Qd8 17. Re2 Ne4 18. Bc1 Re8 19. g3 Ndf6 20. Nh4 Qd5 21. c4
Qd7 22. Qf3 Nd6 23. Rc2 Rad8 24. Be3 b5 25. cxb5 cxb5 26. Rc6 Nfe4 27. d5 Nc4
28. Nxf5 Re5 29. g4 Rxd5 30. Rxd5 Qxd5 31. Ne7+ Kh7 32. Nxd5 Ned2+ 33. Kc2 Nxf3
34. Rc5 Nxe3+ 35. fxe3 Ne5 36. Rxb5 Nxg4 37. Kc3 Rd7 38. e4 g5 39. hxg6+ Kxg6
40. b4 Nf6 41. Nf4+ Kg7 42. Re5 Kf8 43. a4 Re7 44. Kd4 Rxe5 45. Kxe5 Ke7 46. Kf5
Ne8 47. e5 Ng7+ 48. Ke4 h5 49. b5 h4 50. a5 Kd7 51. a6 Kc8 52. Kf3 Nf5 53. Kg4
Nd4 54. Kxh4 Nf3+ 55. Kg4 Nxe5+ 56. Kf5 Nc4 57. Kf6 1/2-1/2

[Event "Moscow Open Students 2015"]
[Site "Moscow RUS"]
[Date "2015.02.07"]
[Round "8.3"]
[White "Ter-Sahakyan, Samvel"]
[Black "Bortnyk, Olexandr"]
[Result "1-0"]
[WhiteTitle "GM"]
[BlackTitle "IM"]
[WhiteElo "2580"]
[BlackElo "2533"]
[WhiteFideId "13302531"]
[BlackFideId "14120828"]
[EventDate "2015.01.31"]

1. e4 Nf6 2. e5 Nd5 3. d4 d6 4. Nf3 g6 5. Bc4 Nb6 6. Bb3 Bg7 7. O-O O-O 8. c3
dxe5 9. Nxe5 N8d7 10. Ng4 e6 11. Qf3 f5 12. Ne3 Kh8 13. Nc2 e5 14. Qe2 c5 15.
Rd1 exd4 16. cxd4 c4 17. Bxc4 Nxc4 18. Qxc4 f4 19. f3 Nb6 20. Qe2 Bf5 21. Nc3
Rc8 22. Ne4 Nd5 23. Ne1 Qb6 24. Kh1 Rfe8 25. Nd3 Qxd4 26. Ndf2 Qe5 27. Nd3 Qc7
28. Bd2 g5 29. Rac1 Qe7 30. Ndf2 Rcd8 31. Re1 Bxb2 32. Bxf4 Bxc1 33. Bxc1 h6 34.
h3 Kh7 35. Bb2 Qf7 36. Qc4 Kg6 37. Ba1 Nf4 38. Qc2 Rc8 39. Qb1 Kh7 40. Ng4 Re6
41. Rd1 Ne2 42. Nef6+ Kg6 43. Qb5 Qc7 44. Nd7 Ng3+ 45. Kg1 Rd8 46. Nde5+ Kh7 47.
Rxd8 Qxd8 48. Kh2 Nh5 49. Ne3 Bd3 50. Nxd3 Rxe3 51. Qf5+ Kg8 52. Qg6+ Kf8 53.
Qxh6+ Ke7 54. Qxg5+ 1-0

[Event "Moscow Open Students 2015"]
[Site "Moscow RUS"]
[Date "2015.02.07"]
[Round "8.5"]
[White "Vavulin, Maksim"]
[Black "Bajarani, Ulvi"]
[Result "1/2-1/2"]
[WhiteTitle "IM"]
[BlackTitle "GM"]
[WhiteElo "2453"]
[BlackElo "2494"]
[WhiteFideId "4169530"]
[BlackFideId "13403028"]
[EventDate "2015.01.31"]

1. e4 d6 2. d4 Nf6 3. Nc3 g6 4. Bg5 Bg7 5. Qd2 Nbd7 6. Bh6 O-O 7. O-O-O Bxh6 8.
Qxh6 c5 9. Nf3 cxd4 10. Nxd4 Nc5 11. f3 Qa5 12. g4 Ne6 13. Bb5 Nxd4 14. Rxd4 Be6
15. h4 Rfc8 16. Ra4 Qb6 17. Bd3 Qf2 18. Rf1 Qg2 19. h5 b5 20. Rd4 Bc4 21. Qd2
Qxd2+ 22. Kxd2 Rab8 23. h6 Nd7 24. Bxc4 bxc4 25. Kc1 g5 26. Nd5 Kf8 27. Ne3 Ne5
28. Rd5 Rc6 29. f4 gxf4 30. Rxf4 e6 31. Ra5 a6 32. g5 Ke7 33. Ng4 Nxg4 34. Rxg4
Rb5 35. Ra3 d5 36. e5 d4 37. Rf3 Rxe5 38. Rgf4 Rf5 39. Rxf5 exf5 40. Rxf5 c3 41.
b3 Re6 42. Kd1 Re4 43. Ra5 Ke6 44. a4 Re3 45. Rxa6+ Kd5 46. Ra5+ Ke4 47. Ra7 Rg3
48. Re7+ Kf3 49. Rxf7+ Ke3 50. Re7+ Kf3 51. Rf7+ Ke3 52. Re7+ Kf2 53. Rf7+ Ke3 1/2-1/2

[Event "Moscow Open Students 2015"]
[Site "Moscow RUS"]
[Date "2015.02.08"]
[Round "9.1"]
[White "Bajarani, Ulvi"]
[Black "Predke, Alexandr"]
[Result "1/2-1/2"]
[WhiteTitle "GM"]
[WhiteElo "2494"]
[BlackElo "2537"]
[WhiteFideId "13403028"]
[BlackFideId "24107581"]
[EventDate "2015.01.31"]

1. d4 Nf6 2. Bg5 d5 3. e3 c5 4. Bxf6 gxf6 5. dxc5 e6 6. c4 dxc4 7. Qxd8+ Kxd8 8.
Bxc4 Bxc5 9. Nd2 Ke7 10. Ngf3 Nc6 11. Ke2 Bd7 12. Rhd1 Bb6 13. Rac1 Rac8 14. a3
Na5 15. Bd3 Ba4 16. Re1 f5 17. b4 Nb3 18. Nxb3 Bxb3 19. Nd2 Bd5 20. g3 1/2-1/2

[Event "Moscow Open Students 2015"]
[Site "Moscow RUS"]
[Date "2015.02.08"]
[Round "9.2"]
[White "Belous, Vladimir"]
[Black "Vavulin, Maksim"]
[Result "1-0"]
[WhiteTitle "GM"]
[BlackTitle "IM"]
[WhiteElo "2577"]
[BlackElo "2453"]
[WhiteFideId "4174003"]
[BlackFideId "4169530"]
[EventDate "2015.01.31"]

1. c4 e5 2. Nc3 Nc6 3. g3 Bc5 4. Bg2 d6 5. e3 Bf5 6. a3 Qd7 7. Nd5 Nge7 8. Ne2
Nxd5 9. cxd5 Ne7 10. h3 Bd3 11. b4 Bb6 12. a4 a5 13. b5 f5 14. Ra3 Bc4 15. Nc3
e4 16. f3 Nxd5 17. fxe4 Nb4 18. Nd5 Bc5 19. d4 Nxd5 20. dxc5 Nb4 21. cxd6 cxd6
22. Rc3 d5 23. exd5 Bxd5 24. Bxd5 Qxd5 25. Qxd5 Nxd5 26. Rc5 Rd8 27. Ke2 Kf7 28.
Rd1 Ke6 29. Bb2 Rd7 30. g4 fxg4 31. hxg4 Rhd8 32. Rh1 h6 33. Rg1 Kf7 34. Rf1+
Kg6 35. Bd4 Re8 36. Rf5 Nf6 37. Kf3 Ne4 38. Rcd5 Rxd5 39. Rxd5 Ng5+ 40. Ke2 Ne6
41. Kd3 Nxd4 42. exd4 Re7 43. Kc4 Re4 44. Rd6+ Kf7 45. Kc5 g6 46. Kb6 Re6 47.
Rxe6 Kxe6 48. Kxb7 h5 49. gxh5 gxh5 50. Kc8 h4 51. d5+ Kf5 52. d6 h3 53. d7 h2
54. d8=Q h1=Q 55. Qxa5 Qd5 56. Kb8 Qc5 57. Qc7 Qb4 58. Qc2+ Kg4 59. Kb7 Qe7+ 60.
Ka6 1-0

[Event "Moscow Open Students 2015"]
[Site "Moscow RUS"]
[Date "2015.02.08"]
[Round "9.3"]
[White "Bortnyk, Olexandr"]
[Black "Sadzikowski, Daniel"]
[Result "1-0"]
[WhiteTitle "IM"]
[BlackTitle "IM"]
[WhiteElo "2533"]
[BlackElo "2496"]
[WhiteFideId "14120828"]
[BlackFideId "1132253"]
[EventDate "2015.01.31"]

1. e4 c5 2. c3 d5 3. exd5 Qxd5 4. d4 Nf6 5. Nf3 e6 6. Be3 cxd4 7. cxd4 Bb4+ 8.
Nc3 O-O 9. Bd3 b6 10. Qe2 Bb7 11. O-O Qh5 12. Ne5 Qxe2 13. Bxe2 Nbd7 14. Rac1
Rfc8 15. f4 g6 16. a3 Bxc3 17. bxc3 Rc7 18. c4 Rac8 19. Rc2 Ba6 20. Rfc1 Ne4 21.
Bf3 Nd6 22. c5 Nf5 23. Bf2 Ne7 24. g3 Nd5 25. Nc4 bxc5 26. dxc5 Rb8 27. Bd4 Rb3
28. Bxd5 exd5 29. Ne3 Bc4 30. Nxc4 dxc4 31. Rxc4 Rxa3 32. c6 Nb6 33. Be5 Rc8 34.
Rd4 f6 35. Bxf6 Kf7 36. Bd8 Re3 37. Ra1 Ke8 38. c7 Ra8 39. Bg5 Kf7 40. f5 Rc3
41. fxg6+ hxg6 42. Rf1+ Ke6 43. Re1+ Kf5 44. h4 Rxg3+ 45. Kh2 Rxg5 46. hxg5 Rc8
47. Re7 Na8 48. Rd5+ Kf4 49. Rc5 a5 50. Rd7 a4 51. Rd4+ Kf3 52. Rc3+ Ke2 53.
Rxa4 Rxc7 54. Ra2+ Ke1 55. Re3+ Kf1 56. Kg3 1-0

[Event "Moscow Open Students 2015"]
[Site "Moscow RUS"]
[Date "2015.02.08"]
[Round "9.5"]
[White "Yuffa, Daniil"]
[Black "Paravyan, David"]
[Result "0-1"]
[WhiteTitle "IM"]
[BlackTitle "IM"]
[WhiteElo "2469"]
[BlackElo "2435"]
[WhiteFideId "24131423"]
[BlackFideId "4194985"]
[EventDate "2015.01.31"]

1. g3 d5 2. Bg2 e5 3. d3 g6 4. Nf3 Bg7 5. O-O Ne7 6. e4 O-O 7. Nc3 d4 8. Ne2 c5
9. c3 h6 10. cxd4 cxd4 11. Nd2 Nbc6 12. f4 exf4 13. gxf4 f5 14. Qb3+ Kh7 15. Ng3
fxe4 16. dxe4 d3 17. h3 a5 18. Nf3 a4 19. Qc4 a3 20. e5 Nf5 21. Nxf5 Bxf5 22.
bxa3 Rc8 23. Qa4 b5 24. Qa6 Nd4 25. Be3 Nc2 26. Bb6 Qd7 27. Rad1 Ra8 28. Ng5+
hxg5 29. Bxa8 Bxh3 30. Kh2 Bxf1 31. Rxf1 d2 32. Bc5 Rxf4 33. Rd1 Rh4+ 34. Kg1
Qg4+ 0-1